00754nam a2200217 i 450000100060000000300090000600500170001500700030003200800410003508000210007610000310009724501470012826000330027530000220030849000450033070000250037570000380040070000220043883000440046085200320050439287ES-MaACL20250804072406.0t|030227s1982 sp ||||1| spa d a821.133.1-23"19"1 aCamus, Albert, d1913-196014aLos justos b: pieza en cinco actos / cAlbert Camus ; [traductores, Aurora Bernárdez y Guillermo de Torre ; revisión de Miguel Salabert]. aMadrid : bAlianza, c[1982] a103 p. ; c18 cm.1 aEl libro de bolsillo. Literatura ; v8971 aBernárdez, Aurora.1 aTorre, Guillermo de (d1900-1971)1 aSalabert, Miguel.03aEl libro de bolsillo. pLiteraturav897 aES-MaACLjL-3022 bR.103960